000 00264nam a22001217a 4500
008 180730b xxu||||| |||| 00| 0 eng d
082 _2813.52
245 _aStewart's Calculus
_cStewart
300 _a1
440 _x0534393470
760 _b5th
942 _2ddc
_cMX
999 _c46657
_d46657